广东省县级行政区政府驻地所属的乡级行政区 - Statistics

General Stats
  • This quiz has been taken 8 times
    7 since last reset
  • The average score is 19 of 124
Answer Stats
地级行政区 县级行政区 乡级行政区 % Correct
广州市 越秀区 北京街道
60%
广州市 荔湾区 石围塘街道
40%
广州市 海珠区 江海街道
40%
广州市 白云区 景泰街道
20%
广州市 黄埔区 萝岗街道
20%
广州市 番禺区 市桥街道
20%
广州市 花都区 花城街道
20%
广州市 南沙区 黄阁镇
20%
广州市 从化区 街口街道
20%
深圳市 龙岗区 龙城街道
20%
珠海市 香洲区 梅华街道
20%
珠海市 斗门区 井岸镇
20%
佛山市 禅城区 祖庙街道
20%
佛山市 南海区 桂城街道
20%
佛山市 顺德区 容桂街道
20%
佛山市 三水区 西南街道
20%
佛山市 高明区 荷城街道
20%
中山市 东区街道
20%
江门市 新会区 会城街道
20%
江门市 台山市 台城街道
20%
江门市 开平市 长沙街道
20%
江门市 鹤山市 沙坪街道
20%
江门市 恩平市 恩城街道
20%
惠州市 惠城区 龙丰街道
20%
惠州市 惠阳区 淡水街道
20%
惠州市 博罗县 罗阳街道
20%
惠州市 惠东县 平山街道
20%
惠州市 龙门县 龙城街道
20%
东莞市 南城街道
20%
湛江市 赤坎区 南桥街道
20%
湛江市 霞山区 工农街道
20%
茂名市 茂南区 城南街道
20%
阳江市 江城区 城北街道
20%
肇庆市 端州区 城东街道
20%
肇庆市 四会市 东城街道
20%
肇庆市 广宁县 南街街道
20%
肇庆市 怀集县 怀城街道
20%
肇庆市 封开县 江口街道
20%
肇庆市 德庆县 德城街道
20%
清远市 清新区 太和镇
20%
清远市 清城区 东城街道
20%
清远市 英德市 英城街道
20%
清远市 连州市 连州镇
20%
清远市 佛冈县 石角镇
20%
清远市 阳山县 阳城镇
20%
清远市 连山壮族瑶族自治县 吉田镇
20%
清远市 连南瑶族自治县 三江镇
20%
韶关市 浈江区 东河街道
20%
韶关市 武江区 新华街道
20%
韶关市 曲江区 马坝镇
20%
韶关市 乐昌市 乐城街道
20%
韶关市 南雄市 雄州街道
20%
韶关市 始兴县 太平镇
20%
韶关市 仁化县 丹霞街道
20%
韶关市 翁源县 龙仙镇
20%
韶关市 新丰县 丰城街道
20%
韶关市 乳源瑶族自治县 乳城镇
20%
汕头市 龙湖区 金霞街道
20%
汕头市 濠江区 达濠街道
20%
汕头市 潮阳区 文光街道
20%
汕头市 潮南区 峡山街道
20%
汕头市 澄海区 澄华街道
20%
汕头市 南澳县 后宅镇
20%
梅州市 梅江区 金山街道
20%
梅州市 梅县区 程江镇
20%
梅州市 兴宁市 兴田街道
20%
梅州市 大埔县 湖寮镇
20%
梅州市 丰顺县 汤坑镇
20%
梅州市 五华县 水寨镇
20%
梅州市 平远县 大柘镇
20%
梅州市 蕉岭县 蕉城镇
20%
河源市 源城区 上城街道
20%
河源市 紫金县 紫城镇
20%
河源市 龙川县 老隆镇
20%
河源市 连平县 元善镇
20%
河源市 和平县 阳明镇
20%
河源市 东源县 仙塘镇
20%
揭阳市 榕城区 新兴街道
20%
揭阳市 揭东区 曲溪街道
20%
揭阳市 普宁市 流沙北街道
20%
揭阳市 揭西县 河婆街道
20%
揭阳市 惠来县 惠城镇
20%
潮州市 湘桥区 凤新街道
20%
潮州市 潮安区 庵埠镇
20%
潮州市 饶平县 黄冈镇
20%
汕尾市 城区 香洲街道
20%
汕尾市 陆丰市 东海街道
20%
汕尾市 海丰县 海城镇
20%
汕尾市 陆河县 河田镇
20%
广州市 天河区 天围街道
0%
广州市 增城区 荔城街道
0%
深圳市 福田区 沙头街道
0%
深圳市 罗湖区 黄贝街道
0%
深圳市 南沙区 南头街道
0%
深圳市 宝安区 新安街道
0%
深圳市 盐田区 海山街道
0%
深圳市 龙华区 观湖街道
0%
深圳市 坪山区 坪山街道
0%
深圳市 光明区 光明街道
0%
珠海市 金湾区 三灶镇
0%
江门市 蓬江区 环市街道
0%
江门市 江海区 江南街道
0%
湛江市 坡头区 南洞街道
0%
湛江市 麻章区 麻章镇
0%
湛江市 廉江市 罗州街道
0%
湛江市 雷州市 雷城街道
0%
湛江市 吴川市 梅菉街道
0%
湛江市 遂溪县 遂城镇
0%
湛江市 徐闻县 徐城街道
0%
茂名市 电白区 水东镇
0%
茂名市 高州市 潘州街道
0%
茂名市 化州市 鉴江街道
0%
茂名市 信宜市 东镇街道
0%
阳江市 阳东区 东城镇
0%
阳江市 阳春市 春城街道
0%
阳江市 阳西县 织篢镇
0%
云浮市 云城区 云城街道
0%
云浮市 云安区 六都镇
0%
云浮市 罗定市 罗城街道
0%
云浮市 新兴县 新城镇
0%
云浮市 郁南县 都城镇
0%
肇庆市 鼎湖区 坑口街道
0%
肇庆市 高要区 南岸街道
0%
汕头市 金平区 石炮台街道
0%
No matching quizzes found
Score Distribution
Percent of People with Each Score
Percentile by Number Answered
Your Score History
You have not taken this quiz since the last reset